| 000 | 02536nam0a2200421 4500 | ||
|---|---|---|---|
| 001 | RU\NLR\bibl\138541 | ||
| 005 | 20260405193529.0 | ||
| 010 |
_a5-7430-0714-4 _dБ. ц. _9500 |
||
| 020 |
_aRU _b98-36932 _9Книжная летопись |
||
| 021 |
_aRU _b98-27188 _91297 |
||
| 035 | _a(NLR Aleph) 000135703 | ||
| 090 |
_a775801 _c775801 |
||
| 100 | _a20000410d1998 |||y0rusy50 ca | ||
| 101 | 0 | _arus | |
| 102 | _aRU | ||
| 105 | _ay ||||||||| | ||
| 200 | 1 |
_aПоэтика "Дневника писателя" Ф.М. Достоевского: этнографическое впечатление и авторская мысль _eУчеб. пособие _fВ.П. Владимирцев |
|
| 210 |
_aИркутск _cИзд-во Иркут. ун-та _d1998 |
||
| 215 |
_a83 с. _d21 |
||
| 300 | _aНа тит. л.: К 80-летию Иркут. гос. ун-та | ||
| 320 | _aБиблиогр.: с. 76-82 | ||
| 604 |
_1700#1$aДостоевский$bФ. М.$gФедор Михайлович$f1821 - 1881 _150010$a"Дневник писателя"$xПоэтика$jРуководства, пособия и т.п. для высшей школы$2nlr_sh1$3RU\NLR\AUTH\661320717 _3RU\NLR\AUTH\661320717 _aДостоевский, Федор Михайлович (1821 - 1881) _t"Дневник писателя" _xПоэтика _jРуководства, пособия и т.п. для высшей школы _92197594 |
||
| 604 |
_1700#1$aДостоевский$bФ. М.$gФедор Михайлович$f1821 - 1881 _150010$a"Дневник писателя"$xПоэтика$jУчебные издания для высшей школы$2nlr_sh2$3RU\NLR\AUTH\661320717 _3RU\NLR\AUTH\661320717 _aДостоевский, Федор Михайлович (1821 - 1881) _t"Дневник писателя" _xПоэтика _jУчебные издания для высшей школы _92197594 |
||
| 610 | 0 | _aРусская литература, 19 в. | |
| 675 |
_a882.09+929Достоевский _v3 _zrus |
||
| 686 |
_a17 _2rugasnti |
||
| 686 |
_a83.3(2Рос-Рус) _2rubbk |
||
| 686 | _aШ5(2=Р)52-4Достоевский534 | ||
| 700 | 1 |
_4070 _7ca _8rus _aВладимирцев _bВ. П. _f1930-2007 _gВладимир Петрович _968219 _3RU\NLR\auth\7785291 |
|
| 801 | 0 |
_aRU _bRKP _c20000410 _gPSBO |
|
| 801 | 1 |
_aRU _bRKP _c20000410 |
|
| 801 | 2 |
_aRU _bNLR _c20100216 _grcr |
|
| 852 |
_aNLR _j99-4/5232 |
||
| 942 | _cBOOK | ||
| 980 | _aNB | ||